Every 100,000+ City in The UK - Statistics

General Stats
  • This quiz has been taken 62 times
    19 since last reset
  • The average score is 72 of 109
Answer Stats
Letter Population City % Correct
B 3,210,655 Birmingham
100%
B 868,505 Brighton
100%
E 772,150 Edinburgh
100%
G 1,808,941 Glasgow
100%
L 1,790,415 Leeds
100%
L 1,307,426 Liverpool
100%
L 14,880,146 London
100%
M 3,053,735 Manchester
100%
N-U-T 1,194,106 Newcastle upon Tyne
100%
N 830,502 Nottingham
100%
S 970,142 Southampton
100%
B 656,207 Belfast
92%
B-P 706,019 Bournemouth-Poole
92%
C 470,821 Coventry
92%
L 605,913 Leicester
92%
L 360,082 Luton
92%
P 629,190 Portsmouth
92%
P 373,094 Preston
92%
R 371,108 Reading
92%
S 1,220,761 Sheffield
92%
A 265,159 Aberdeen
85%
B 723,452 Bristol
85%
C 502,568 Cardiff
85%
G 171,015 Gloucester
85%
M 366,803 Middlesbrough
85%
N 317,402 Newport
85%
N 301,960 Northampton
85%
N/S-S 111,760 North/South Shields
85%
W 209,331 Worcester
85%
B 170,521 Blackburn
77%
B 261,605 Blackpool
77%
B 580,073 Bradford
77%
C 192,744 Colchester
77%
D 162,082 Dundee
77%
H 328,518 Hull
77%
I 255,290 Ipswich
77%
M-K 304,217 Milton Keynes
77%
O 171,257 Oxford
77%
P 280,606 Plymouth
77%
S-O-S 346,063 Southend-on-Sea
77%
S-O-T 442,068 Stoke-on-Trent
77%
S 310,250 Sunderland
77%
S 380,197 Swansea
77%
S 201,390 Swindon
77%
W 271,154 Wolverhampton
77%
Y 227,085 York
77%
B 111,897 Bath
69%
C 151,042 Cambridge
69%
C 128,836 Cheltenham
69%
C 138,875 Chester
69%
D 112,441 Darlington
69%
E 136,353 Exeter
69%
H 249,017 Huddersfield
69%
L 118,710 Londonderry
69%
N 327,591 Norwich
69%
P 217,322 Peterborough
69%
T 185,570 Telford
69%
B 151,985 Barnsley
62%
B 144,859 Basildon
62%
B 113,776 Basingstoke
62%
B 189,891 Bedford
62%
B 348,776 Birkenhead
62%
B 298,903 Bolton
62%
B 114,190 Burnley
62%
C 183,326 Chelmsford
62%
D 304,141 Derby
62%
D 311,027 Doncaster
62%
H 105,616 Hastings
62%
L 131,701 Lincoln
62%
O 243,912 Oldham
62%
R 226,992 Rochdale
62%
S 278,064 Salford
62%
S 217,678 Solihull
62%
W 172,141 Walsall
62%
W 302,389 Warrington
62%
W 162,992 Watford
62%
W-B 105,604 West Bromwich
62%
W 107,732 Wigan
62%
W 103,932 Woking
62%
C 104,110 Chesterfield
54%
C 180,508 Crawley
54%
D 324,969 Dudley
54%
H 100,151 Hartlepool
54%
S 209,395 Slough
54%
S 102,204 Southport
54%
S-H 122,308 St Helens
54%
S 312,624 Stockport
54%
S-O-T 204,950 Stockton-on-Tees
54%
W 357,729 Wakefield
54%
W 311,593 Worthing
54%
E 127,219 Eastbourne
46%
G 202,139 Gateshead
46%
H-H 102,814 Hemel Hempstead
46%
R 268,354 Rotherham
46%
B 194,606 Bury
38%
W 110,815 Wrexham
38%
A 103,101 Ashford
31%
G-Y 101,880 Great Yarmouth
31%
H 105,222 Harrogate
31%
M 109,490 Maidstone
31%
T 139,324 Torbay
31%
F 110,494 Falkirk
23%
M 175,958 Mansfield
23%
B 113,340 Bracknell
15%
C 153,792 Chatham
15%
G 120,097 Grays
15%
H 100,024 Harlow
8%
R 140,689 Ramsgate
8%
W 113,561 Wythenshawe
8%
No matching quizzes found
Score Distribution
Percent of People with Each Score
Percentile by Number Answered
Your Score History
You have not taken this quiz since the last reset